มุมมองปกติ
มุมมองแบบ MARC
- รถยนต์ไฟฟ้า
รายการ Topical Term
001 - CONTROL NUMBER
- control field: 42910
003 - CONTROL NUMBER IDENTIFIER
- control field: NALT
005 - DATE AND TIME OF LATEST TRANSACTION
- control field: 20191206150206.0
008 - FIXED-LENGTH DATA ELEMENTS
- fixed length control field: 191206|| aca||babn | a|a d
040 ## - CATALOGING SOURCE
- Original cataloging agency: NALT
150 ## - HEADING--TOPICAL TERM
- Topical term or geographic name entry element: รถยนต์ไฟฟ้า
- General subdivision: วิจัย
